Pays finissant par le son [ o ] - Statistiques

Statistiques générales
  • Ce quiz a été pris 258 fois
  • Le résultat moyen est 7 sur 10
Statistiques - réponses
Continent Pays % Correct
Europe Kosovo
86%
Afrique République Démocratique du Congo
85%
Afrique République du Congo
85%
Afrique Togo
83%
Afrique Lesotho
75%
Europe Monaco
74%
Europe Monténégro
71%
Afrique Burkina Faso
61%
Amérique Trinité-et-Tobago
45%
Afrique Guinée-Bissau
34%
Aucun quiz correspondant
Distribution des résultats
% des personnes avec chaque résultat
Percentile par nombre de réponses
Votre historique - résultats
Vous n’avez pas pris ce quiz